Некоторые приемы интерпретации результатов гидрохимических исследований (на примере Енисейской рудной провинции): Диссертация на соискание ученой степени кандидата геолого-минералогических наук; Спец. 04.125

গ্রন্থ-পঞ্জীর বিবরন
প্রধান লেখক: Садиков М. А.
সংস্থা লেখক: Томский политехнический институт (ТПИ)
ভাষা:রুশ
প্রকাশিত: Томск, 1971
বিষয়গুলি:
বিন্যাস: গ্রন্থ
KOHA link:https://koha.lib.tpu.ru/cgi-bin/koha/opac-detail.pl?biblionumber=135316

MARC

LEADER 00000nbm0a2200000 4500
001 135316
005 20231031140024.0
035 |a (RuTPU)RU\TPU\book\146652 
090 |a 135316 
100 |a 20080409d1971 k y0rusy50 ca 
101 0 |a rus 
102 |a RU 
105 |a a m 001zy 
200 1 |a Некоторые приемы интерпретации результатов гидрохимических исследований (на примере Енисейской рудной провинции)  |e Диссертация на соискание ученой степени кандидата геолого-минералогических наук  |e Спец. 04.125  |f М. А. Садиков  |g Томский политехнический институт (ТПИ) 
210 |a Томск  |d 1971 
215 |a 272 л.  |c ил. 
320 |a Библиогр.: с. 255-272 (194 назв.) 
610 1 |a диссертации 
610 1 |a гидрогеологи 
610 1 |a гидрохимические исследования 
610 1 |a результаты исследований 
610 1 |a интерпретация результатов 
610 1 |a Енисейская рудная провинция 
610 1 |a подземные воды 
610 1 |a поверхностные воды 
610 1 |a зональность 
610 1 |a рудные районы 
610 1 |a Норильско-Талнахский рудный комплекс 
610 1 |a Норильско-Хараелахская рудная зона 
610 1 |a Мичкандская рудная зона 
610 1 |a Нижне-Тунгусский рудоносный район 
675 |a 550.84(04)  |v 3 
700 1 |a Садиков  |b М. А. 
712 0 2 |a Томский политехнический институт (ТПИ)  |c (1944-1991)  |2 stltpush  |3 (RuTPU)RU\TPU\col\1123 
801 1 |a RU  |b 63413507  |c 20080409  |g PSBO 
801 2 |a RU  |b 63413507  |c 20080409  |g PSBO 
942 |c BK